Negotiating climate change : the inside story of the Rio convention

Αποθηκεύτηκε σε:
Λεπτομέρειες βιβλιογραφικής εγγραφής
Άλλοι συγγραφείς: Mintzer, Irving M. (Επιμελητής έκδοσης), Leonard, J. Amber (Επιμελητής έκδοσης)
Μορφή: Βιβλίο
Γλώσσα:English
Δημοσίευση: Cambridge : Cambridge University Press, 1994
Θέματα:
Ετικέτες: Προσθήκη ετικέτας
Δεν υπάρχουν, Καταχωρήστε ετικέτα πρώτοι!

MARC

LEADER 00000nam a2200000 i 4500
001 1/17723
008 981006s1994 eng d
020 |a 0-521-47914-2 
035 |l 10020661 
040 |a GR-MY-UA  |b gre  |e aacr 
041 0 |a eng 
082 0 |a 363.7 
245 1 0 |a Negotiating climate change :  |b the inside story of the Rio convention /  |c edited by Irving M. Mintzer andJ. Amber Leonard 
260 |a Cambridge :   |b Cambridge University Press,   |c 1994 
300 |a 392 p. 
504 |a Includes index 
650 0 0 |a Environmental policy  |x International cooperation. 
650 0 0 |a Climatic changes. 
700 1 |a Mintzer, Irving M.  |4 edt 
700 0 |a Leonard, J. Amber.  |4 edt 
852 |a INST  |b LESVOS  |e 19981006  |h 363.7 NEG  |p 005100012770  |q 005100012770  |t BK  |y 0 
901 |a BIBL-1998-3 
909 |a Λ  |b 059146 
922 |a 1ΕΛΗ  |b 199809  |c ΚΠΣ/ΤΓ  |d ΠΑΠΑΣΩΤΗΡΙΟΥ 
950 |a 118-1998-07-21